000 00633nam a22002417a 4500
003 UA-OsUOA
001 99701
007 ta
008 20130514b un ||||| |||| 00| 0 ukr d
100 _aИртенина Н.
090 _a821.161.1
_bИ84
942 _cBK
040 _aUA-OsUOA
_brus
_cUA-OsUOA
_dUA-OsUOA
245 _aМеч Константина
_bроман-миссия
300 _a352 с.
955 _a3
041 _arus
080 _a821.161.1
020 _a5-699-18755-3
260 _aМ.
_bЯуза
_c2006
650 7 _a82 Література. Літературознавство
_2UDC
999 _c385841
_d385841